State Quiz - Pennsylvania - Statistics

General Stats
  • This quiz has been taken 49,403 times
    15,237 since last reset
  • The average score is 13 of 20
Answer Stats
Hint Answer % Correct
Most populous city Philadelphia
98%
Second most populous city Pittsburgh
92%
Great Lake that Pennsylvania borders Erie
90%
Capital city of Pennsylvania Harrisburg
87%
Religious group which Lancaster County is famous for Amish
85%
Major Civil War battle fought in 1863 Gettysburg
83%
Founder of Pennsylvania William Penn
83%
Chocolatetown, USA Hershey
82%
Religious group that the above belonged to Quakers
82%
Punxsutawney Phil's holiday Groundhog Day
80%
TV show set in Scranton The Office
79%
Name one of the three rivers which meet in the above Allegheny / Ohio / Monongahela
70%
State nickname The {Keystone} State
50%
Mountainous region of northeast PA (hint: starts with P) The Poconos
48%
City that Billy Joel wrote a song about Allentown
47%
City home to Penn State University State College
47%
Western Pennsylvania way of saying "y'all" Yinz
39%
Name of both a city and a (now defunct) steel company Bethlehem
31%
Meatloaf-like dish made with pork scraps and cornmeal Scrapple
30%
City struck by a deadly flood in 1889 Johnstown
25%
No matching quizzes found
Score Distribution
Percent of People with Each Score
Percentile by Number Answered
Your Score History
You have not taken this quiz since the last reset